000 00330nam a2200145Ia 4500
008 230718s9999 xx 000 0 und d
041 _aEng.
082 _a342.4306
_bSWB-A
100 _aSwbastain, V.D
245 0 _aAdministrative Law
260 _aPakistan
_bLexis Nexis
_c2016
300 _a284
650 _aLaw
999 _c31364
_d31364